000 00705nam a2200265 i 4500
001 C2-0240647
003 PPAK
005 20180727203242.0
008 020728s2000 xxka|||| ||||| | eng d
020 _a0582427223
040 _aPPAK
_beng
_cPPAK
_erda
082 0 4 _a428.6
_223
090 0 0 _a428.6
_bLAI
_dK
100 1 _aLaird, Elizabeth,
_eauthor
245 1 4 _aThe storm
264 1 _aEssex :
_bPearson Education Limited ,
_c2000
300 _av, 25 pages :
_bcolour illustrations ;
_c20 cm
336 _2rdacontent
_atext
337 _2rdamedia
_aunmediated
338 _2rdacarrier
_avolume
490 1 _aPenguin readers
650 1 0 _aReaders
830 0 _aPenguin readers
942 _ddc
_cB
999 _c55812
_d55812